| 000 | 01053cam a2200205 4500 | ||
|---|---|---|---|
| 001 | L136601 | ||
| 008 | 070212n2005 000 0 eng u | ||
| 020 | _a1741071011 | ||
| 035 | _a(Sirsi) u136601 | ||
| 041 | 0 | _aeng | |
| 100 | 1 | _aWilkinson, Suzanne | |
| 245 | 0 | 0 |
_aEncouraging learning through simulation and inter-university competition _h[electronic resource] |
| 260 |
_aBrisbane _bQueensland University of Technology _c2005 |
||
| 490 | 0 |
_aCOBRA _v2005 |
|
| 520 | _aDiscusses an inter-university competition in New Zealand for civil and environmental engineering students, and the impact this has on improving student learning of construction management techniques. Discusses the expectations of students on the course, and the benefits to the students in taking part in such a competition. | ||
| 651 | 4 | _aNEW ZEALAND | |
| 690 | _aCAREERS, EDUCATION AND TRAINING | ||
| 856 | 4 | 0 |
_uhttps://www.rics.org/Careerseducationandtraining/Encouraging_learning_through_simulation20051202.htm _zView the item free of charge at www.rics.org... |
| 942 | _n0 | ||
| 999 |
_c106448 _d106448 |
||